Famous billionaires - Statistics

General Stats
  • This quiz has been taken 33 times
  • The average score is 8 of 12
Answer Stats
Hint Billionaire % Correct
Microsoft Bill Gates
93%
President of Russia Vladimir Putin
89%
Facebook Mark Zuckerberg
86%
Director of E.T., Jaws ect. Steven Spielberg
82%
SpaceX Elon Musk
75%
Amazon Jeff Bezos
75%
Lucasfilm George Lucas
71%
Former NBA player Michael Jordan
71%
Former mayor of New York Michael Bloomberg
61%
Alibaba Jack Ma
50%
Google Larry Page
46%
Oracle of Omaha Warren Buffett
43%
No matching quizzes found
Score Distribution
Percent of People with Each Score
Percentile by Number Answered
Your Score History
You have not taken this quiz